000 nam a22 7a 4500
999 _c28117
_d28116
003 OSt
005 20170518104847.0
008 170517b xxu||||| |||| 00| 0 eng d
020 _a097372692
040 _aMMU
_beng
_cMMU
_dMMU
050 _aPN 4121 .G66 2004
100 _aGoodwin Jill Tomasson
245 _aIntroduction to public speaking/
_cJill Tomasson Goodwin.
250 _a3rd ed.
260 _aCanada:
_bNew Slant:
_c2004.
300 _a178p.;
650 _aPublic speaking
942 _2lcc
_cLOAN LOAN
_e3rd ed.